| 000 | 00965cam a22002894a 4500 | ||
|---|---|---|---|
| 001 | 15143871 | ||
| 005 | 20140327124108.0 | ||
| 008 | 080116s2007 xxk frb f001 0 eng d | ||
| 020 | _a9780521702720 (pbk.) | ||
| 040 |
_aDLC _cDLC _dDLC |
||
| 082 | 0 | 4 |
_222 _a341 _bANG |
| 100 | 1 |
_aAnghie, Antony _935797 |
|
| 245 | 1 | 0 |
_aImperialism, sovereignty and the making of international law / _cAntony Anghie. |
| 250 |
_a1st ed., _bpbk. ed. |
||
| 260 |
_aCambridge, United Kingdom : _bCambridge University Press, _c2007. |
||
| 300 |
_axix, 356 p. ; _c23 cm. |
||
| 490 | 0 | _aCambridge studies in international and comparative law | |
| 500 | _aIndex : p. 342-356. | ||
| 504 | _aBibliography : p. 321-341. | ||
| 650 | 0 |
_aInternational law _99620 |
|
| 650 | 0 |
_aImperialism _93659 |
|
| 650 | 0 |
_aSovereignty _99312 |
|
| 650 | 0 |
_aIndigenous peoples _xLegal status, laws, etc. _935798 |
|
| 653 |
_bBUSBOL _cMarch2014 |
||
| 655 |
_vreading book _934232 |
||
| 942 |
_2ddc _k341 ANG |
||
| 999 |
_c18181 _d18153 |
||